<?xml version="1.0" encoding="UTF-8"?>
<record
    xmlns:xsi="http://www.w3.org/2001/XMLSchema-instance"
    xsi:schemaLocation="http://www.loc.gov/MARC21/slim http://www.loc.gov/standards/marcxml/schema/MARC21slim.xsd"
    xmlns="http://www.loc.gov/MARC21/slim">

  <leader>01501cam a22002771  4500</leader>
  <controlfield tag="001">30678</controlfield>
  <controlfield tag="003">BD-RjUL</controlfield>
  <controlfield tag="005">20211209051612.0</controlfield>
  <controlfield tag="008">140410s1954    ii       b    000 0 eng d</controlfield>
  <datafield tag="035" ind1=" " ind2=" ">
    <subfield code="a">(BD-RjUL)30765</subfield>
  </datafield>
  <datafield tag="040" ind1=" " ind2=" ">
    <subfield code="a">DLC</subfield>
    <subfield code="c">DLC</subfield>
    <subfield code="d">DLC</subfield>
    <subfield code="d">BD-RjUL</subfield>
    <subfield code="b">eng</subfield>
  </datafield>
  <datafield tag="041" ind1=" " ind2=" ">
    <subfield code="a">eng</subfield>
  </datafield>
  <datafield tag="082" ind1=" " ind2=" ">
    <subfield code="2">22</subfield>
    <subfield code="a">297.2845 </subfield>
    <subfield code="b">CHC V-1 Pt-1&amp;2 1954</subfield>
  </datafield>
  <datafield tag="100" ind1="1" ind2=" ">
    <subfield code="a">Chaudhuri, Roma,</subfield>
    <subfield code="d">1910-</subfield>
    <subfield code="9">93191</subfield>
  </datafield>
  <datafield tag="245" ind1="1" ind2="2">
    <subfield code="a">A critical study of D&#x101;r&#x101; Shik&#x16B;h's "Samudra-sa&#x1E45;gama" :</subfield>
    <subfield code="b">an Indo-Islamic synthetic philosophy  /</subfield>
    <subfield code="c">Vol I in two parts / by Roma Chaudhuri ; Vol II / by Jatindra Bimal Chaudhuri. </subfield>
    <subfield code="n">Vol I in two parts / by Roma Chaudhuri.</subfield>
    <subfield code="p">Part I :</subfield>
    <subfield code="p">A Comparative Survey of Indian and Islamic Views (viz. of the Upanisads, Vedanta-Systems, Quran and Sufi-Systems).</subfield>
    <subfield code="p">Part II :</subfield>
    <subfield code="p">English Translation of "Samudra Sangama" With Critical Notes Comments Explanations and Reference.</subfield>
    <subfield code="n">Vol II :</subfield>
    <subfield code="p">First critical edition of the Sanskrit text of "Samudra-Sa&#x1E47;gama" /by Jatindra Bimal Chaudhuri. </subfield>
  </datafield>
  <datafield tag="260" ind1=" " ind2=" ">
    <subfield code="a">Calcutta,</subfield>
    <subfield code="b">Sanskrita Siksa Parisat, Govt. of West Bengal,</subfield>
    <subfield code="c">1954.</subfield>
  </datafield>
  <datafield tag="300" ind1=" " ind2=" ">
    <subfield code="a">12, 164, 19 p. :</subfield>
    <subfield code="c">25 cm.</subfield>
  </datafield>
  <datafield tag="504" ind1=" " ind2=" ">
    <subfield code="a">Includes bibliographical references.</subfield>
  </datafield>
  <datafield tag="650" ind1=" " ind2="0">
    <subfield code="a">Islam</subfield>
    <subfield code="x">Doctrines.</subfield>
    <subfield code="9">93193</subfield>
  </datafield>
  <datafield tag="650" ind1=" " ind2="0">
    <subfield code="a">Hinduism.</subfield>
    <subfield code="9">93194</subfield>
  </datafield>
  <datafield tag="700" ind1="1" ind2="2">
    <subfield code="a">Chaudhuri, Jatindra Bimal.</subfield>
    <subfield code="t">First critical edition of the Sanskrit text of Samudra-sa&#x1E45;gama. 1954.</subfield>
    <subfield code="9">93195</subfield>
  </datafield>
  <datafield tag="942" ind1=" " ind2=" ">
    <subfield code="2">ddc</subfield>
    <subfield code="c">BK</subfield>
  </datafield>
  <datafield tag="999" ind1=" " ind2=" ">
    <subfield code="c">30678</subfield>
    <subfield code="d">30678</subfield>
  </datafield>
  <datafield tag="952" ind1=" " ind2=" ">
    <subfield code="0">0</subfield>
    <subfield code="1">0</subfield>
    <subfield code="2">ddc</subfield>
    <subfield code="4">0</subfield>
    <subfield code="7">1</subfield>
    <subfield code="8">NFIC</subfield>
    <subfield code="a">RUCL</subfield>
    <subfield code="b">RUCL</subfield>
    <subfield code="c">Reading</subfield>
    <subfield code="d">1958-12-11</subfield>
    <subfield code="e">Das Gupta</subfield>
    <subfield code="g">12.00</subfield>
    <subfield code="l">0</subfield>
    <subfield code="o">297.2845 CHC V.1-2 (Pt-1&amp;2) 1954</subfield>
    <subfield code="r">2014-04-10 00:00:00</subfield>
    <subfield code="t">C-1</subfield>
    <subfield code="w">2021-12-09</subfield>
    <subfield code="y">BK</subfield>
  </datafield>
</record>
